<?xml version="1.0" encoding="UTF-8"?>
<record
    xmlns:xsi="http://www.w3.org/2001/XMLSchema-instance"
    xsi:schemaLocation="http://www.loc.gov/MARC21/slim http://www.loc.gov/standards/marcxml/schema/MARC21slim.xsd"
    xmlns="http://www.loc.gov/MARC21/slim">

  <leader>03224njm a2200469Ia 4500</leader>
  <controlfield tag="001">73275</controlfield>
  <controlfield tag="003">IT-RoPAU</controlfield>
  <controlfield tag="005">20220918181119.0</controlfield>
  <controlfield tag="008">131025s9999    xx            000 0 und d</controlfield>
  <datafield tag="040" ind1=" " ind2=" ">
    <subfield code="a">IT-RoPAU</subfield>
  </datafield>
  <datafield tag="040" ind1=" " ind2=" ">
    <subfield code="c">IT-RoPAU</subfield>
  </datafield>
  <datafield tag="041" ind1=" " ind2=" ">
    <subfield code="a">POLACCO</subfield>
  </datafield>
  <datafield tag="999" ind1=" " ind2=" ">
    <subfield code="c">99633</subfield>
    <subfield code="d">99633</subfield>
  </datafield>
  <datafield tag="999" ind1=" " ind2=" ">
    <subfield code="b">n.d.</subfield>
  </datafield>
  <datafield tag="100" ind1=" " ind2=" ">
    <subfield code="a">AA.VV.</subfield>
    <subfield code="9">794</subfield>
  </datafield>
  <datafield tag="100" ind1=" " ind2=" ">
    <subfield code="e">Autore musica</subfield>
    <subfield code="9">24878</subfield>
  </datafield>
  <datafield tag="100" ind1=" " ind2=" ">
    <subfield code="g">Codice autore musica SPICS: 12000</subfield>
    <subfield code="9">796</subfield>
  </datafield>
  <datafield tag="245" ind1=" " ind2=" ">
    <subfield code="a">Z Archiwum Polskiego Beatu vol. 12 (Lp Sx 2397)</subfield>
  </datafield>
  <datafield tag="250" ind1=" " ind2=" ">
    <subfield code="a">1a ed.</subfield>
  </datafield>
  <datafield tag="260" ind1=" " ind2=" ">
    <subfield code="a">POLONIA</subfield>
  </datafield>
  <datafield tag="260" ind1=" " ind2=" ">
    <subfield code="b">MUZA</subfield>
    <subfield code="c">1987 [1a Ed.:1968 - Ed. Lingua Orig.: 1968]</subfield>
  </datafield>
  <datafield tag="300" ind1=" " ind2=" ">
    <subfield code="a">DISCO</subfield>
  </datafield>
  <datafield tag="500" ind1=" " ind2=" ">
    <subfield code="a">Musica leggera polacca. Canzone polacca</subfield>
  </datafield>
  <datafield tag="505" ind1=" " ind2=" ">
    <subfield code="a">U Nas Najweselej (Da noi &#xE8; pi&#xF9; allegro) - Krajobrazy (Il panorama) - Zrob To Dla Mnie (Fallo per me) - Odjechalas Nie Wiem Sam Dokad (Sei partita non so per dove) - Chce Po Twoich Poznac Oczach (Voglio capire guardando nei tuoi occhi) - Znamy Sie Tylko Z Widzenia (Ci conosciamo solo di vista) - Wrocimy Kiedys Znow (Torneremo) - Powiedz Kim Jestes (Dimmi chi sei) - Na Mazowszu - Bylas Tu (Eri qui) - A Wiec Nie (Allora no) - Sloneczniki Kwiaty (Girasoli fiori) - Chlopiec Twoj (Ragazzo tuo)</subfield>
  </datafield>
  <datafield tag="650" ind1=" " ind2=" ">
    <subfield code="a">MUSICA POLACCA [DISCHI]</subfield>
    <subfield code="e">Codice MATERIA SPICS: 9950</subfield>
    <subfield code="9">24879</subfield>
  </datafield>
  <datafield tag="700" ind1=" " ind2=" ">
    <subfield code="a">Trubadurzy </subfield>
    <subfield code="g">Codice interprete SPICS: 25571</subfield>
    <subfield code="e">Interprete</subfield>
    <subfield code="9">24880</subfield>
  </datafield>
  <datafield tag="700" ind1=" " ind2=" ">
    <subfield code="a">Poznakowski R.</subfield>
    <subfield code="g">Codice autore musica SPICS: 25103</subfield>
    <subfield code="e">Autore musica</subfield>
    <subfield code="p">U Nas Najweselej - Krajobrazy - Odjechalas Nie Wiem Sam Dokad - Znamy Sie Tylko Z Widzenia - Wrocimy Kiedys Znow - Powiedz Kim Jestes - Na Mazowszu - Bylas Tu</subfield>
    <subfield code="9">24881</subfield>
  </datafield>
  <datafield tag="700" ind1=" " ind2=" ">
    <subfield code="a">Winkler K.</subfield>
    <subfield code="g">Codice autore testo/musica SPICS: 25189</subfield>
    <subfield code="e">Autore testo/musica</subfield>
    <subfield code="p">U Nas Najweselej - A Wiec Nie</subfield>
    <subfield code="9">24882</subfield>
  </datafield>
  <datafield tag="700" ind1=" " ind2=" ">
    <subfield code="a">Kondratowicz J.</subfield>
    <subfield code="g">Codice autore testo/musica SPICS: 25196</subfield>
    <subfield code="e">Autore testo/musica</subfield>
    <subfield code="p">Krajobrazy - Odjechalas Nie Wiem Sam Dokad - Powiedz Kim Jestes - Na Mazowszu</subfield>
    <subfield code="9">24883</subfield>
  </datafield>
  <datafield tag="700" ind1=" " ind2=" ">
    <subfield code="a">Krawczyk Krzysztof</subfield>
    <subfield code="g">Codice autore musica SPICS: 25171</subfield>
    <subfield code="e">Autore musica</subfield>
    <subfield code="p">Zrob To Dla Mnie</subfield>
    <subfield code="9">24884</subfield>
  </datafield>
  <datafield tag="700" ind1=" " ind2=" ">
    <subfield code="a">Lichtman M.</subfield>
    <subfield code="g">Codice autore testo/musica SPICS: 25420</subfield>
    <subfield code="e">Autore testo/musica</subfield>
    <subfield code="p">Zrob To Dla Mnie</subfield>
    <subfield code="9">24885</subfield>
  </datafield>
  <datafield tag="700" ind1=" " ind2=" ">
    <subfield code="a">Gartner K.</subfield>
    <subfield code="g">Codice autore musica SPICS: 25424</subfield>
    <subfield code="e">Autore musica</subfield>
    <subfield code="p">Chce Po Twoich Poznac Oczach</subfield>
    <subfield code="9">24886</subfield>
  </datafield>
  <datafield tag="700" ind1=" " ind2=" ">
    <subfield code="a">Dzikowski K.</subfield>
    <subfield code="g">Codice autore testo/musica SPICS: 25190</subfield>
    <subfield code="e">Autore testo/musica</subfield>
    <subfield code="p">Chce Po Twoich Poznac Oczach</subfield>
    <subfield code="9">24887</subfield>
  </datafield>
  <datafield tag="700" ind1=" " ind2=" ">
    <subfield code="a">Glogowski M.</subfield>
    <subfield code="g">Codice autore testo/musica SPICS: 25510</subfield>
    <subfield code="e">Autore musica</subfield>
    <subfield code="p">Znamy Sie Tylko Z Widzenia</subfield>
    <subfield code="9">24888</subfield>
  </datafield>
  <datafield tag="700" ind1=" " ind2=" ">
    <subfield code="a">Krynicz J.</subfield>
    <subfield code="g">Codice autore testo/musica SPICS: 25528</subfield>
    <subfield code="e">Autore testo/musica</subfield>
    <subfield code="p">Wrocimy Kiedys Znow</subfield>
    <subfield code="9">24889</subfield>
  </datafield>
  <datafield tag="700" ind1=" " ind2=" ">
    <subfield code="a">Senar</subfield>
    <subfield code="g">Codice autore testo/musica SPICS: 25514</subfield>
    <subfield code="e">Autore testo/musica</subfield>
    <subfield code="p">Bylas Tu</subfield>
    <subfield code="9">24890</subfield>
  </datafield>
  <datafield tag="700" ind1=" " ind2=" ">
    <subfield code="a">Mart J.</subfield>
    <subfield code="g">Codice autore musica SPICS: 25446</subfield>
    <subfield code="e">Autore musica</subfield>
    <subfield code="p">A Wiec Nie</subfield>
    <subfield code="9">24891</subfield>
  </datafield>
  <datafield tag="700" ind1=" " ind2=" ">
    <subfield code="a">Kowalewski S.</subfield>
    <subfield code="g">Codice autore musica SPICS: 25419</subfield>
    <subfield code="e">Autore musica</subfield>
    <subfield code="p">Sloneczniki Kwiaty</subfield>
    <subfield code="9">24892</subfield>
  </datafield>
  <datafield tag="700" ind1=" " ind2=" ">
    <subfield code="a">Piast A.</subfield>
    <subfield code="g">Codice autore testo/musica SPICS: 25529</subfield>
    <subfield code="e">Autore testo/musica</subfield>
    <subfield code="p">Sloneczniki Kwiaty</subfield>
    <subfield code="9">24893</subfield>
  </datafield>
  <datafield tag="700" ind1=" " ind2=" ">
    <subfield code="a">Korzynski Andrej</subfield>
    <subfield code="g">Codice autore musica SPICS: 25095</subfield>
    <subfield code="e">Autore musica</subfield>
    <subfield code="p">Chlopiec Twoj</subfield>
    <subfield code="9">24894</subfield>
  </datafield>
  <datafield tag="700" ind1=" " ind2=" ">
    <subfield code="a">Miller J.</subfield>
    <subfield code="g">Codice autore testo/musica SPICS: 25498</subfield>
    <subfield code="e">Autore testo/musica</subfield>
    <subfield code="p">Chlopiec Twoj</subfield>
    <subfield code="9">24895</subfield>
  </datafield>
  <datafield tag="942" ind1=" " ind2=" ">
    <subfield code="c">MD</subfield>
    <subfield code="2">ddc</subfield>
  </datafield>
  <datafield tag="952" ind1=" " ind2=" ">
    <subfield code="0">0</subfield>
    <subfield code="1">0</subfield>
    <subfield code="4">0</subfield>
    <subfield code="6">73275_000000000000000</subfield>
    <subfield code="7">1</subfield>
    <subfield code="a">SPICS</subfield>
    <subfield code="b">SPICS</subfield>
    <subfield code="d">2013-10-25</subfield>
    <subfield code="l">0</subfield>
    <subfield code="o">73275</subfield>
    <subfield code="r">2013-10-25 00:00:00</subfield>
    <subfield code="w">2013-10-25</subfield>
    <subfield code="y">MD</subfield>
    <subfield code="z">Progr. Ins.: 17596 / N.Vol.: 1 / Copie: 1 - Copia rara: n.d. / date import: 01.01.2014 - By Epidotti, Trombetti, Vaglietti</subfield>
  </datafield>
</record>
